LEADER 01364nam a2200253 i 4500 001 000000177010 003 CaOOAMICUS 005 20090722000000.0 008 090722s1970 gw u000 u ger u 013 $a154512 040 $aSeMil$bita 245 10$aAtlas zur Kirchengeschichte :$bdie christlichen Kirchen in Geschichte und Gegenwart /$cherausgegeben von Hubert Jedin, Kenneth Scott Latourette, Jochen Martin ; unter Mitwirkung zahlreicher Fachgelehrter ; bearbeitet von Jochen Martin ; [kartographische Bearbeitung von Hans E. F. Quast]. 260 $aFreiburg [etc.] :$bHerder,$c1970. 300 $a1 v. (paginazione varia) :$bricc. ill. ;$c35 cm. 650 4$aChiesa cattolica - Atlanti.$0(OLS)http://semarc/subject/30863 700 1 $aQuast, Hans E. F.$0(OLS)http://semarc/name/65875 700 1 $aMartin, Jochen.$0(OLS)http://semarc/name/17879 700 1 $aLatourette, Kenneth Scott.$0(OLS)http://semarc/name/17878 700 1 $aJedin, Hubert,$c.$0(OLS)http://semarc/name/488 850 $aSeMil 852 $aSeMil$W1$xVenegono$y1$m3A VI 26$j127824$B127824$CSeMilBibl$Z2$F143333 $81 961 $aOmaggio: Altro 996 $6245$aAtlas zur Kirchengeschichte :$bdie christlichen Kirchen in Geschichte und Gegenwart$9(OLS)http://semarc/title/254186 996 $6260$aFreiburg [etc.] :$bHerder$9(OLS)http://semarc/publisher/29649 LEADER 01071nam a2200253 i 4500 001 000000213819 003 CaOOAMICUS 005 20200827123043.0 008 120607s1870 it u000 u lat u 013 $a192674 040 $aSeMil$bita 100 1 $aVergilius Maro, Publius,$d<70-19 a.C.>.$0(OLS)http://semarc/name/6169 245 10$aPublii Virgilii Maronis Opera /$ccurante Thoma Vallaurio. 260 $aAugustae Taurinorum :$bEx Officina Hyacinthi Marietti,$c1870. 300 $a338 p. ;$c19 cm. 650 4$aVirgilio Marone, Publio <70-19 a.C.> - Opere anteriori al 1900.$0(OLS)http://semarc/subject/4192 700 1 $aVallauri, Tommaso <1805-1897>.$0(OLS)http://semarc/name/2914 850 $aSeMil 852 $aSeMil$W1$xVenegono$y1$m1Z II 135 FA$j164247$B164247$CSeMilBibl$Z2$F175290 $8I 900 0 $aVirgilio. 996 $6245$aPublii Virgilii Maronis Opera$9(OLS)http://semarc/title/35925 996 $6260$aAugustae Taurinorum :$bEx Officina Hyacinthi Marietti$9(OLS)http://semarc/publisher/52811